[Event "7th Malaysia Open"]
[Site "Kuala Lumpur MAS"]
[Date "2010.09.04"]
[Round "6"]
[White "Xiu,D"]
[Black "Laksana,Agusta"]
[Result "1/2-1/2"]
[WhiteElo "2521"]
[BlackElo "2373"]
[EventDate "2010.09.01"]

1. d4 Nf6 2. c4 c5 3. d5 e6 4. Nc3 exd5 5. cxd5 d6 6. Nf3 g6 7. h3 Bg7 8.
Bf4 O-O 9. e3 Na6 10. Nd2 Nh5 11. Bh2 f5 12. Be2 Nf6 13. Nc4 Ne8 14. O-O
Nac7 15. a4 b6 16. Qb3 Bb7 17. Bf3 Rf7 18. Rad1 Ba6 19. Rfe1 Bxc4 20. Qxc4
a6 21. b4 b5 22. Qb3 c4 23. Qc2 Bxc3 24. Qxc3 bxa4 25. Qxc4 Nb5 26. Ra1 Rc8
27. Qd3 a3 28. e4 Rc3 29. Qd2 fxe4 30. Bxe4 Nec7 31. Bf4 Rb3 32. Bg5 Qd7
33. Rac1 Rb2 34. Rc2 Rxc2 35. Qxc2 Qc8 36. Qd2 Qf8 37. Bd3 Qg7 38. Bh6 Qf6
39. Bxb5 axb5 40. Re3 Qa1+ 41. Kh2 Qb2 42. Qe1 Qxf2 43. Qxf2 Rxf2 44. Rxa3
Kf7 45. Kg3 Rc2 46. Rf3+ Ke8 47. Rf8+ Ke7 48. Rh8 Nxd5 49. Rxh7+ Ke6 50.
Rb7 Nxb4 51. Rxb5 Nc6 52. Rg5 Ne7 53. Kf3 Nf5 54. g4 Rc3+ 55. Kf4 Nh4 56.
Ra5 Rxh3 57. Ra7 Nf3 58. Bg5 Ne5 59. Re7+ Kd5 60. Bf6 Rf3+ 61. Kg5 Nxg4 62.
Bb2 Ne5 63. Re8 Rf5+ 64. Kh4 g5+ 65. Kh5 g4+ 66. Kh4 Rf3 67. Bxe5 dxe5 68.
Kxg4 Rf4+ 69. Kg3 Ke4 70. Ra8 Rf3+ 71. Kg2 Rb3 72. Kf2 Rb2+ 73. Ke1 Kf4 74.
Ra1 e4 75. Ra3 Rh2 76. Rb3 1/2-1/2

[Event "7th Malaysia Open"]
[Site "Kuala Lumpur MAS"]
[Date "2010.09.04"]
[Round "6"]
[White "Lu Yijie"]
[Black "Khamrakulov,D"]
[Result "0-1"]
[WhiteElo "2308"]
[BlackElo "2485"]
[EventDate "2010.09.01"]

1. e4 c6 2. d4 d5 3. Nd2 dxe4 4. Nxe4 Nd7 5. Bd3 Ngf6 6. Ng5 e6 7. N1f3 Bd6
8. Qe2 h6 9. Ne4 Nxe4 10. Qxe4 Nf6 11. Qe2 b6 12. Bd2 Bb7 13. O-O-O Qc7 14.
g3 O-O-O 15. Rhe1 Kb8 16. Kb1 c5 17. dxc5 Qxc5 18. Bc3 Rhf8 19. Nd2 Bc7 20.
f4 Rg8 21. Ne4 Nxe4 22. Bxe4 Bxe4 23. Qxe4 g5 24. fxg5 hxg5 25. Bf6 Rxd1+
26. Rxd1 Qf5 27. Qxf5 exf5 28. Rd5 f4 29. Rxg5 Rxg5 30. Bxg5 fxg3 31. hxg3
Bxg3 32. c4 Kc7 33. b4 Kd6 34. Be3 f5 35. Kc2 Kc6 36. a4 Bd6 37. Kb3 f4 38.
Bf2 f3 39. b5+ Kb7 40. Kc3 Bc5 41. Bxc5 bxc5 42. Kd3 Kb6 0-1

[Event "7th Malaysia Open"]
[Site "Kuala Lumpur MAS"]
[Date "2010.09.04"]
[Round "6"]
[White "Li Hanbin"]
[Black "Goh Weiming"]
[Result "1/2-1/2"]
[WhiteElo "2348"]
[BlackElo "2428"]
[EventDate "2010.09.01"]

1. e4 e6 2. d4 d5 3. Nc3 Nf6 4. e5 Nfd7 5. f4 c5 6. Nf3 Nc6 7. Be3 Be7 8.
Qd2 a6 9. Be2 O-O 10. O-O b5 11. a3 Qb6 12. Nd1 a5 13. c3 Ba6 14. Nf2 a4
15. Bd3 cxd4 16. Nxd4 Nc5 17. Bc2 Na5 18. Nd1 Nc4 19. Qf2 Qc7 20. Qf3 f5
21. exf6 Rxf6 22. Nf2 Nxe3 23. Qxe3 Rxf4 24. Rfe1 Bc8 25. g3 Rf8 26. Nd3
Ra6 27. Nb4 Rd6 28. Nxb5 Qb6 29. Nd4 Bf6 30. Rad1 Bd7 31. Kg2 1/2-1/2

[Event "7th Malaysia Open"]
[Site "Kuala Lumpur MAS"]
[Date "2010.09.04"]
[Round "6"]
[White "Swapnil,SD"]
[Black "Vakhidov,J"]
[Result "1-0"]
[WhiteElo "2425"]
[BlackElo "2272"]
[EventDate "2010.09.01"]

1. d4 Nf6 2. c4 g6 3. Nc3 d5 4. Bg5 Ne4 5. Bh4 Nxc3 6. bxc3 dxc4 7. e3 Be6
8. Nf3 Bg7 9. Be2 Nd7 10. O-O Nb6 11. a4 a5 12. Nd2 O-O 13. Bf3 Ra7 14. Ne4
Bd5 15. Nc5 Bxf3 16. Qxf3 Nd5 17. Rfc1 b6 18. Ne4 Qd7 19. Nd2 e5 20. Nxc4
exd4 21. cxd4 f5 22. Bg5 f4 23. e4 Nb4 24. Ne5 Qe6 25. Ng4 h5 26. Ne5 Bxe5
27. dxe5 Qxe5 28. h4 c5 29. Rd1 c4 30. Rac1 Re7 31. Qc3 Qe6 32. Bh6 Rfe8
33. Qd4 Qxe4 34. Rxc4 Qxd4 35. Rcxd4 f3 36. gxf3 Kh7 37. Be3 Re6 38. Rd6
Rxd6 39. Rxd6 Rc8 40. Bxb6 Nc2 41. Rd7+ Kg8 42. Ra7 1-0

[Event "7th Malaysia Open"]
[Site "Kuala Lumpur MAS"]
[Date "2010.09.04"]
[Round "6"]
[White "Pham Chuong"]
[Black "Rian,K"]
[Result "1-0"]
[WhiteElo "2361"]
[BlackElo "2096"]
[EventDate "2010.09.01"]

1. d4 Nf6 2. Nf3 e6 3. c4 d5 4. e3 Be7 5. Bd3 O-O 6. O-O c6 7. b3 Ne4 8.
Nbd2 f5 9. Ne5 Nd7 10. Nxd7 Bxd7 11. f3 Nxd2 12. Qxd2 b5 13. Bb2 a5 14. e4
Bg5 15. Qe2 Qb6 16. Kh1 Rf7 17. Rae1 Raf8 18. exd5 cxd5 19. cxd5 exd5 20.
Qe5 Qb7 21. Qg3 Bd8 22. Rc1 f4 23. Qf2 Bf5 24. Bxf5 Rxf5 25. Rfe1 R5f7 26.
Re6 Re7 27. Qe2 Rfe8 28. Re5 Qd7 29. Re1 Kf7 30. Qd2 g5 31. Qc2 Kf8 32. h4
Rxe5 33. dxe5 gxh4 34. e6 Rxe6 35. Qf5+ Ke7 36. Bf6+ Kd6 37. Rxe6+ Qxe6 38.
Qxe6+ Kxe6 39. Bxd8 a4 40. Bxh4 axb3 41. axb3 Ke5 42. Bf2 d4 43. Be1 d3 44.
Bc3+ 1-0

[Event "7th Malaysia Open"]
[Site "Kuala Lumpur MAS"]
[Date "2010.09.04"]
[Round "6"]
[White "Dutta,J"]
[Black "Polovina,E"]
[Result "1-0"]
[WhiteElo "2355"]
[BlackElo "2038"]
[EventDate "2010.09.01"]

1. d4 Nf6 2. Nc3 d5 3. Bg5 e6 4. e4 Be7 5. Bxf6 Bxf6 6. Nf3 b6 7. Bd3 O-O
8. h4 c5 9. e5 Be7 10. Bxh7+ Kxh7 11. Ng5+ Kh6 12. Qd2 Bxg5 13. hxg5+ Kg6
14. Qd3+ f5 15. gxf6 Kf7 16. Rh7 Rg8 17. Qg3 Kf8 18. Nb5 1-0

[Event "7th Malaysia Open"]
[Site "Kuala Lumpur MAS"]
[Date "2010.09.04"]
[Round "6"]
[White "Dao Thien Hai"]
[Black "Castellano,Christo"]
[Result "1/2-1/2"]
[WhiteElo "2520"]
[BlackElo "2231"]
[EventDate "2010.09.01"]

1. d4 d5 2. c4 e6 3. Nc3 c6 4. e3 Bd6 5. Qc2 Nf6 6. Nf3 O-O 7. b3 Nbd7 8.
Be2 Re8 9. O-O e5 10. cxd5 cxd5 11. Nb5 Bb8 12. dxe5 Nxe5 13. Bb2 Nxf3+ 14.
Bxf3 a6 15. Nd4 Ne4 16. g3 Bd6 17. Qe2 Qg5 18. Bg2 Bd7 19. Rad1 Rad8 20.
Qd3 Qh5 21. a4 Bf8 22. Qe2 Qg6 23. Ba1 h5 24. Nf3 Bg4 25. h3 Bc8 26. Ne5
Qh6 27. Nf3 b5 28. Rc1 bxa4 29. bxa4 a5 30. Nd4 Ba6 31. Nb5 h4 32. g4 Ba3
33. Rc2 Qg6 34. Rd1 Bb4 35. Qd3 Bd6 36. Rdc1 Bb7 37. Nxd6 Qxd6 38. Qd4 f6
39. Rb1 Re7 40. Qb6 Qd7 41. Bd4 Ra8 42. Qb5 Qe6 43. Rbc1 Nd6 44. Qb6 Ra6
45. Qb3 Ne4 46. Rc7 Rc6 47. R7xc6 Bxc6 48. Qb6 Bxa4 49. Qxa5 Be8 50. Qa8
Kh7 51. Rc8 Qd7 52. Rd8 Qc6 53. Qxc6 Bxc6 54. Bf1 Rd7 55. Rc8 Bb7 56. Rb8
Rf7 57. Bd3 g6 58. f3 Ng5 59. Kg2 Ne6 60. Bxf6 Rxf6 61. Rxb7+ Kg8 62. Re7
d4 63. Bc4 Kf8 64. exd4 Nf4+ 65. Kh2 g5 66. d5 Rb6 67. Bf1 Rb1 68. Kg1
Nxh3+ 69. Kg2 Nf4+ 70. Kf2 h3 71. d6 h2 72. Rh7 Rd1 73. d7 Rxd7 74. Rxh2
Rd2+ 75. Kg1 Rxh2 76. Kxh2 Ke7 77. Kg3 Kd6 78. Kf2 Ke5 79. Ke3 Nd5+ 1/2-1/2

[Event "7th Malaysia Open"]
[Site "Kuala Lumpur MAS"]
[Date "2010.09.04"]
[Round "6"]
[White "Huang Qian"]
[Black "Dragicevic,Do"]
[Result "1-0"]
[WhiteElo "2436"]
[BlackElo "2195"]
[EventDate "2010.09.01"]

1. d4 d6 2. Nf3 Nf6 3. c4 Nbd7 4. Nc3 e5 5. g3 g6 6. Bg2 Bg7 7. O-O O-O 8.
h3 c6 9. e4 Re8 10. Be3 exd4 11. Nxd4 Nc5 12. Qc2 a5 13. Rad1 Qc7 14. b3
Bd7 15. Rfe1 Rad8 16. Nde2 Bc8 17. Rd2 Qe7 18. Nf4 Qc7 19. Red1 Qe7 20. Re1
Qc7 21. Bd4 Ncd7 22. Red1 h5 23. Be3 Bf8 24. Nfe2 b6 25. Bf4 Ne5 26. Nd4
Bb7 27. Be3 Ned7 28. a3 Qb8 29. Bf4 Be7 30. Bg5 Qa8 31. b4 Nf8 32. b5 cxb5
33. Ndxb5 Nxe4 34. Nc7 Qb8 35. Bxe7 Nxc3 36. Nxe8 Bxg2 37. Nf6+ Kg7 38.
Qxc3 1-0

[Event "7th Malaysia Open"]
[Site "Kuala Lumpur MAS"]
[Date "2010.09.04"]
[Round "6"]
[White "Lane,G"]
[Black "Loo,S"]
[Result "1-0"]
[WhiteElo "2373"]
[BlackElo "2147"]
[EventDate "2010.09.01"]

1. e4 c6 2. d4 d5 3. Nd2 dxe4 4. Nxe4 Bf5 5. Nc5 Nd7 6. Nd3 e5 7. dxe5 Bxd3
8. Qxd3 Nxe5 9. Qb3 Qe7 10. Be2 Qb4+ 11. c3 Qxb3 12. axb3 Bc5 13. Bf4 Ng6
14. Bg3 h5 15. b4 Bb6 16. Nf3 h4 17. Be5 Nxe5 18. Nxe5 Bc7 19. Nf3 Nf6 20.
b5 c5 21. O-O Nd7 22. Rfe1 Kf8 23. Bd3 Bb6 24. Rad1 Rh5 25. Be4 Rd8 26. Bd5
Nf6 27. Bxb7 Rxd1 28. Rxd1 c4 29. Bc6 Ng4 30. Rd2 Ne5 31. Nxe5 Rxe5 32. Kf1
Rc5 33. Rd7 Rf5 34. f3 g5 35. Rd1 Rc5 36. Re1 a6 37. Re8+ Kg7 38. Rb8 Bc7
39. Rc8 Bb6 40. bxa6 Ra5 41. Be4 Ra1+ 42. Ke2 Rxa6 43. Rc6 Kf8 44. Rh6 Kg7
45. Rd6 h3 46. gxh3 1-0

[Event "7th Malaysia Open"]
[Site "Kuala Lumpur MAS"]
[Date "2010.09.04"]
[Round "6"]
[White "Sutarno"]
[Black "Kojima,S"]
[Result "1/2-1/2"]
[WhiteElo "2231"]
[BlackElo "2334"]
[EventDate "2010.09.01"]

1. d4 d5 2. Nf3 Nf6 3. Bg5 Ne4 4. Bf4 c5 5. e3 Nc6 6. c3 Bf5 7. Nbd2 e6 8.
Nxe4 Bxe4 9. Qb3 Qb6 10. Qxb6 axb6 11. Bc7 Kd7 12. Bxb6 Bxf3 13. gxf3 c4
14. e4 g6 15. a4 Bd6 16. b4 cxb3 17. Bb5 Bc7 18. Bc5 Bd6 19. Rb1 Bxc5 20.
dxc5 Kc7 21. exd5 exd5 22. O-O Ne5 23. Kg2 Nd7 24. Bxd7 Kxd7 25. Rxb3 Kc7
26. Rfb1 Rhb8 27. Rb6 Rxa4 28. Re1 Rd8 29. Reb1 Ra7 30. R1b4 Rd7 31. f4 Kc8
32. c6 bxc6 33. Rxc6+ Rac7 34. Rbb6 Rxc6 35. Rxc6+ Rc7 36. Rd6 Rxc3 37.
Rxd5 Kc7 38. f3 Kc6 39. Rd8 Rc5 40. Kg3 Rd5 41. Re8 Kd7 42. Re2 Rf5 43. Kg4
Rf6 44. Re5 Re6 45. Ra5 Re2 46. Kg3 Ke6 47. Ra6+ Kf5 48. Ra5+ Kf6 49. h3
Rb2 50. Ra6+ Kf5 51. Ra5+ Kf6 52. Ra6+ Kg7 53. Rc6 Rb5 54. Kg4 h5+ 55. Kg3
Ra5 56. Rb6 Rd5 57. Rc6 Rf5 58. Ra6 Rc5 59. Rd6 Ra5 60. Rb6 Rf5 1/2-1/2

[Event "7th Malaysia Open"]
[Site "Kuala Lumpur MAS"]
[Date "2010.09.04"]
[Round "6"]
[White "Carlos,L"]
[Black "Soon,W"]
[Result "1-0"]
[WhiteElo "2325"]
[BlackElo "2081"]
[EventDate "2010.09.01"]

1. e4 c5 2. c3 d5 3. exd5 Qxd5 4. d4 Nf6 5. Nf3 Bg4 6. Qa4+ Bd7 7. Qb3 e6
8. Bc4 Qc6 9. O-O b5 10. Be2 c4 11. Qd1 Bd6 12. b3 cxb3 13. axb3 O-O 14.
Bg5 Ne4 15. Qd3 f5 16. c4 b4 17. Bc1 Qb7 18. Bb2 a6 19. Nbd2 Bc6 20. Rfd1
Bf4 21. g3 Bxd2 22. Nxd2 Ng5 23. f4 Nh3+ 24. Kf1 Bg2+ 25. Ke1 Ng1 26. Qe3
Nxe2 27. Qxe6+ Kh8 28. Qxe2 Nd7 29. Kf2 Rae8 30. Qd3 Nf6 31. d5 Be4 32. Qd4
Qf7 33. Kg1 Qh5 34. Re1 Rf7 35. Rxa6 Qh3 36. Nxe4 fxe4 37. Qd2 Qc8 38. Rc6
Qd7 39. Qxb4 Ng4 40. Qb6 Rfe7 41. h3 e3 42. hxg4 Qxg4 43. Kg2 Qf5 44. Qd4
Qc2+ 45. Kh3 Qf2 46. Bc3 Qf3 47. Re6 Kg8 48. R6xe3 1-0

[Event "7th Malaysia Open"]
[Site "Kuala Lumpur MAS"]
[Date "2010.09.04"]
[Round "6"]
[White "Lee Kim Han,E"]
[Black "Deshmukh,A"]
[Result "0-1"]
[WhiteElo "2156"]
[BlackElo "2326"]
[EventDate "2010.09.01"]

1. e4 e5 2. Nf3 Nc6 3. Bb5 a6 4. Ba4 Nf6 5. O-O b5 6. Bb3 Bc5 7. a4 Bb7 8.
d3 d6 9. Bg5 h6 10. Bxf6 Qxf6 11. axb5 axb5 12. Rxa8+ Bxa8 13. Nc3 b4 14.
Nd5 Qd8 15. c3 bxc3 16. bxc3 O-O 17. d4 Bb6 18. Nxb6 cxb6 19. Bd5 Qc7 20.
dxe5 dxe5 21. Qd3 Ne7 22. Bxa8 Rxa8 23. Qb5 Ng6 24. Rb1 Ra5 25. Qb2 b5 26.
g3 Kh7 27. Ra1 Ra4 28. Nd2 Qd7 29. Rb1 Ra7 30. c4 bxc4 31. Nxc4 Qd3 32. Qb3
Qxe4 33. Nd6 Qc6 34. Qb6 Qa4 35. h4 Rd7 36. Nf5 Qe4 37. Ne3 Qf3 38. Qb2 f5
39. Qc2 Rf7 40. Rb6 Nf8 41. Rb8 Ne6 42. Qc8 Rf8 43. Qb7 Nd4 44. Ng2 Ne2+
45. Kf1 Nxg3+ 46. Kg1 Qd1+ 47. Kh2 Nf1+ 48. Kg1 Ne3+ 49. Kh2 Ng4+ 0-1

[Event "7th Malaysia Open"]
[Site "Kuala Lumpur MAS"]
[Date "2010.09.04"]
[Round "6"]
[White "Mahmud,S"]
[Black "Nakamura,N"]
[Result "0-1"]
[WhiteElo "2312"]
[BlackElo "2064"]
[EventDate "2010.09.01"]

1. Nf3 d5 2. d4 Nf6 3. c4 e6 4. Nc3 Nbd7 5. Bg5 Bb4 6. e3 c5 7. cxd5 exd5
8. Bd3 Qa5 9. Qc2 c4 10. Bf5 O-O 11. O-O Re8 12. Nd2 g6 13. Bh3 Kg7 14.
Rae1 h6 15. Bf4 Nb6 16. Be5 Bxh3 17. gxh3 Nbd7 18. f4 Kh7 19. Re2 Qa6 20.
Rg2 Rg8 21. e4 Bxc3 22. bxc3 dxe4 23. h4 Qe6 24. h5 Nxh5 25. Qxe4 f6 26. d5
Qh3 27. Rf3 Qh4 28. Bd6 b5 29. Be7 Rae8 30. d6 Nc5 31. Qe3 Nd3 32. d7 Qe1+
33. Qxe1 Nxe1 34. dxe8=Q Rxe8 35. Bd6 Rd8 36. Bc7 Rxd2 37. Rff2 Rd7 38. f5
Nxg2 39. fxg6+ Kg7 40. Bb8 Nh4 41. Kf1 Nxg6 42. Rb2 a6 43. a4 Rd5 44. Ba7
0-1

[Event "7th Malaysia Open"]
[Site "Kuala Lumpur MAS"]
[Date "2010.09.04"]
[Round "6"]
[White "Chong Chor Yuen"]
[Black "Liew Chee Meng Jimmy"]
[Result "0-1"]
[WhiteElo "2063"]
[BlackElo "2299"]
[EventDate "2010.09.01"]

1. e4 e6 2. d4 d5 3. Nc3 Bb4 4. e5 c5 5. a3 cxd4 6. axb4 dxc3 7. bxc3 Qc7
8. f4 Ne7 9. Bd3 Nd7 10. Bd2 f6 11. exf6 Nxf6 12. Nf3 O-O 13. O-O Nf5 14.
Kh1 a6 15. Ne5 Nd6 16. Rf3 Bd7 17. Qe2 Bb5 18. Re1 Rae8 19. Bxb5 Nxb5 20.
Qd3 Rc8 21. g4 Ne4 22. Ree3 Nbd6 23. f5 Nc4 24. Nxc4 Qxc4 25. Be1 Ng5 26.
Rg3 Ne4 27. Rgf3 e5 28. Qxc4 Rxc4 29. Rd3 Nf6 30. Rg3 Rd8 31. h3 b6 32.
Rge3 Ne4 33. Rd1 a5 34. bxa5 bxa5 35. Ra1 a4 36. Rd3 Kf7 37. Kg2 h5 38. Ra3
hxg4 39. hxg4 Rd7 40. Bh4 Nf6 41. Bxf6 Kxf6 42. Kg3 Kg5 43. Re3 Rxg4+ 44.
Kf3 Rf4+ 45. Kg3 Kxf5 46. Re2 Rd6 47. Rd2 Rg6+ 48. Kh3 Ke6 49. Rg2 Rxg2 50.
Kxg2 Kf5 0-1

[Event "7th Malaysia Open"]
[Site "Kuala Lumpur MAS"]
[Date "2010.09.04"]
[Round "6"]
[White "Ton,T"]
[Black "Masruri,R"]
[Result "1-0"]
[WhiteElo "2243"]
[BlackElo "2027"]
[EventDate "2010.09.01"]

1. d4 Nf6 2. Nf3 e6 3. g3 b6 4. Bg2 Bb7 5. O-O Be7 6. a4 a6 7. c3 O-O 8.
Nbd2 d6 9. Qc2 Nbd7 10. b4 c5 11. bxc5 bxc5 12. Ba3 Qc7 13. Rfc1 Rfc8 14.
Qd3 e5 15. dxe5 dxe5 16. Nh4 Bxg2 17. Nxg2 Rd8 18. Qc2 Bf8 19. Nc4 Nb6 20.
Nge3 Rab8 21. Nxb6 Qxb6 22. Rab1 Qc6 23. Rxb8 Rxb8 24. c4 Qe4 25. Qc3 Rb1
26. Rxb1 Qxb1+ 27. Kg2 Qa2 28. Qb2 Qxb2 29. Bxb2 Bd6 30. Nf5 Ne8 31. Kf3 g6
32. Nxd6 Nxd6 33. Bxe5 Nxc4 34. Ke4 Kf8 35. Bc7 Ke8 36. Kd5 Nb2 37. Kxc5
Kd7 38. Ba5 Ke6 39. h3 f6 40. f3 f5 41. Kb4 Kd5 1-0

[Event "7th Malaysia Open"]
[Site "Kuala Lumpur MAS"]
[Date "2010.09.04"]
[Round "6"]
[White "Tan,Ju2"]
[Black "Aris,T"]
[Result "1/2-1/2"]
[WhiteElo "2052"]
[BlackElo "2241"]
[EventDate "2010.09.01"]

1. e4 e6 2. d4 d5 3. Nc3 Bb4 4. e5 c5 5. a3 Bxc3+ 6. bxc3 Qc7 7. Qg4 f5 8.
Qg3 Nc6 9. Nf3 Kf8 10. Bd2 Nge7 11. h4 Bd7 12. h5 h6 13. Qf4 Kg8 14. g4
fxg4 15. Qxg4 Nf5 16. Be2 Nce7 17. Rb1 Kh7 18. Rg1 Rhf8 19. Bd3 Rf7 20.
Bxf5+ exf5 21. Qf4 b6 22. Rc1 Re8 23. Nh4 cxd4 24. cxd4 Qc4 25. f3 Bb5 26.
Kf2 Nc6 27. Be3 Qe2+ 28. Kg3 Nd8 29. Rg2 Ne6 30. Rxe2 Nxf4 31. Bxf4 Bxe2
32. Re1 Bb5 33. e6 Rfe7 34. Ng6 Rb7 35. Re5 Kg8 36. Rxf5 Ba4 37. c3 Bc2 38.
Rxd5 Bxg6 39. hxg6 Rbe7 40. Be5 Rxe6 41. f4 Rxg6+ 42. Kf3 Rc8 43. Ke4 Rxc3
44. Rd8+ Kf7 45. d5 Rxa3 46. d6 Ra2 47. Kd5 Rd2+ 48. Bd4 Rf6 49. Ke4 Rxf4+
50. Kxf4 Rxd4+ 51. Ke5 Rd1 52. Rc8 Kg6 53. Ke6 Re1+ 54. Kd5 Kf5 55. d7 Rd1+
56. Kc6 g5 57. d8=Q Rxd8 58. Rxd8 g4 59. Kd5 Kf4 60. Kd4 h5 61. Rf8+ Kg3
62. Ke3 h4 63. Rf1 Kg2 64. Rf2+ Kh3 65. Ra2 Kg3 66. Ke2 Kg2 67. Ke3+ Kg3
68. Ke2 1/2-1/2

[Event "7th Malaysia Open"]
[Site "Kuala Lumpur MAS"]
[Date "2010.09.04"]
[Round "6"]
[White "Sean,W"]
[Black "Bakliwal,G"]
[Result "1-0"]
[WhiteElo "1789"]
[BlackElo "2236"]
[EventDate "2010.09.01"]

1. e4 e5 2. Nf3 Nc6 3. Bc4 Nf6 4. d3 Bc5 5. O-O d6 6. c3 Qe7 7. b4 Bb6 8.
a4 a5 9. b5 Nb8 10. Be3 Nbd7 11. Nbd2 Bxe3 12. fxe3 Nb6 13. Bb3 Be6 14.
Bxe6 Qxe6 15. Qb3 h6 16. Qxe6+ fxe6 17. c4 Nfd7 18. Nb3 c5 19. Kf2 Ke7 20.
Ke2 Rhd8 21. Nfd2 Nf6 22. Rf3 Nbd7 23. Rc1 b6 24. Rcf1 Rf8 25. Na1 d5 26.
exd5 exd5 27. e4 dxe4 28. Nxe4 Nxe4 29. dxe4 Nf6 30. Re3 Ng4 31. Rxf8 Rxf8
32. Rf3 Nxh2 33. Rxf8 Kxf8 34. Nc2 Ng4 35. Na3 Nf6 36. Ke3 h5 37. Nb1 h4
38. Nd2 Ng4+ 39. Ke2 Nh2 40. Nf3 Ng4 41. Nxh4 Kf7 42. Nf5 Nf6 43. Kf3 g5
44. Ne3 Kg6 45. Nd5 g4+ 46. Kg3 Nxe4+ 47. Kxg4 Kf7 48. Kf5 Nd6+ 49. Kxe5
Nxc4+ 50. Kf5 Nd6+ 51. Ke5 Nc4+ 52. Kf5 Kg7 53. Ke6 Nb2 54. Nc3 c4 55. Kd5
Kf6 56. g4 Nd3 57. Kxc4 Ne5+ 58. Kd5 Nxg4 59. Kc6 Ke6 60. Kxb6 Kd6 61. Ne4+
Kd5 62. Kc7 Ne5 63. b6 Nc6 64. b7 Nb4 65. Kb6 Nc6 66. Kc7 Nb4 67. Nf6+ Kc5
68. Nd7+ Kd5 69. Kb6 Nc6 70. b8=Q Nxb8 71. Nxb8 Kd6 72. Nc6 Kd7 73. Nxa5
Kc8 74. Nc6 1-0

[Event "7th Malaysia Open"]
[Site "Kuala Lumpur MAS"]
[Date "2010.09.04"]
[Round "6"]
[White "Rej,T"]
[Black "Milligan,H"]
[Result "1-0"]
[WhiteElo "2340"]
[BlackElo "2033"]
[EventDate "2010.09.01"]

1. e4 e5 2. Nf3 Nc6 3. Bc4 Nf6 4. d4 exd4 5. e5 Ne4 6. Qe2 Nc5 7. c3 d3 8.
Qe3 Ne6 9. O-O d5 10. Bxd3 Bc5 11. Qe2 O-O 12. b4 Bb6 13. b5 Ne7 14. Ng5
Nxg5 15. Bxg5 Qd7 16. Nd2 Ng6 17. Nf3 Re8 18. Qc2 Qg4 19. Rae1 Bd7 20. c4
c6 21. bxc6 bxc6 22. Bd2 Rac8 23. h3 Qh5 24. Ng5 Nxe5 25. Bxh7+ Kf8 26. Bf5
Rcd8 27. Bxd7 Nxd7 28. Qf5 Nf6 29. cxd5 cxd5 30. Bb4+ Kg8 31. Be7 Ne4 32.
g4 Ng3 33. Qf3 Qg6 34. Bxd8 Rxd8 35. Qxg3 Qxg5 36. Re5 Qd2 37. Rfe1 Bd4 38.
Re8+ Rxe8 39. Rxe8+ Kh7 40. Qh4+ Qh6 41. Qxh6+ Kxh6 42. Rd8 f6 43. Rxd5 Bb6
44. Kg2 1-0

[Event "7th Malaysia Open"]
[Site "Kuala Lumpur MAS"]
[Date "2010.09.04"]
[Round "6"]
[White "Morris,J"]
[Black "Uehara,S"]
[Result "1-0"]
[WhiteElo "2262"]
[BlackElo "2013"]
[EventDate "2010.09.01"]

1. d4 Nf6 2. c3 d5 3. Nf3 c5 4. dxc5 e6 5. b4 a5 6. a3 b6 7. e3 bxc5 8. b5
Bd6 9. c4 Bb7 10. Bb2 Nbd7 11. Nbd2 O-O 12. Bd3 Nb6 13. a4 dxc4 14. Nxc4
Nxc4 15. Bxc4 Nd5 16. O-O Nb4 17. Qe2 Qe7 18. e4 Bf4 19. Rfd1 Rfd8 20. g3
Bh6 21. Ne5 Bg5 22. f3 Bf6 23. Rxd8+ Rxd8 24. Rd1 Rd6 25. Bb3 Qd8 26. Rxd6
Qxd6 27. Qd1 Qxd1+ 28. Bxd1 Bg5 29. Nc4 Bd8 30. Bc1 f5 31. Nd6 Ba8 32. Be3
fxe4 33. fxe4 Nd3 34. Bc2 c4 35. b6 Bc6 36. Nxc4 Bxe4 37. Bxd3 Bxd3 38. b7
Bc7 39. Bf4 1-0

[Event "7th Malaysia Open"]
[Site "Kuala Lumpur MAS"]
[Date "2010.09.04"]
[Round "6"]
[White "Aquino,J"]
[Black "Bennett,H"]
[Result "1-0"]
[WhiteElo "2245"]
[BlackElo "1975"]
[EventDate "2010.09.01"]

1. d4 Nf6 2. Nc3 g6 3. e4 d6 4. Bg5 Bg7 5. Qd2 h6 6. Bf4 Nbd7 7. O-O-O c5
8. dxc5 Nxc5 9. f3 Bd7 10. Be3 Rc8 11. Kb1 a6 12. Nge2 b5 13. g4 b4 14. Nd5
Nxd5 15. exd5 Qc7 16. Bd4 O-O 17. Bxg7 Kxg7 18. Nc1 a5 19. h4 Rb8 20. Rh2
a4 21. Re2 Bb5 22. Re3 Bxf1 23. Rxf1 Rb7 24. Rfe1 Re8 25. f4 Qd7 26. f5 b3
27. Qd4+ Kg8 28. cxb3 axb3 29. Nxb3 Nxb3 30. axb3 gxf5 31. Rg1 Kh7 32. Qd3
Rg8 33. Reg3 Rb4 34. gxf5 Rxg3 35. Qxg3 Qxf5+ 36. Ka2 Qg6 37. Qf2 Qh5 38.
Qc2+ f5 39. Rf1 Kg6 40. Qc8 Rxh4 41. Qg8+ Kf6 42. Qe6+ Kg7 43. Qxe7+ Kg8
44. Rc1 1-0

[Event "7th Malaysia Open"]
[Site "Kuala Lumpur MAS"]
[Date "2010.09.04"]
[Round "6"]
[White "Jamals,H"]
[Black "Ismail,Ah"]
[Result "1-0"]
[WhiteElo "2162"]
[BlackElo "1996"]
[EventDate "2010.09.01"]

1. e4 d5 2. exd5 Nf6 3. d4 Bg4 4. f3 Bf5 5. Bb5+ Nbd7 6. c4 a6 7. Bxd7+
Qxd7 8. Nc3 e6 9. dxe6 fxe6 10. Be3 Bd6 11. Nge2 O-O 12. O-O c6 13. Kh1 Qc7
14. Bg1 Rad8 15. Qb3 Qf7 16. Rad1 Rd7 17. Ne4 Bb8 18. N2g3 Qg6 19. Nxf6+
Rxf6 20. Nxf5 Qxf5 21. Qd3 Qh5 22. h3 Rdf7 23. Bh2 Bxh2 24. Kxh2 Qh4 25.
Qe3 h6 26. b3 Rg6 27. f4 Rgf6 28. g3 Qh5 29. Rd2 g5 30. Rff2 gxf4 31. Rxf4
Rxf4 32. gxf4 Qf5 33. Rf2 Rg7 34. Re2 Kf7 35. a4 a5 36. Qf2 Qb1 37. d5 cxd5
38. cxd5 exd5 39. f5 Rg5 40. Qc5 Rxf5 41. Qe7+ Kg6 42. Qe8+ 1-0

[Event "7th Malaysia Open"]
[Site "Kuala Lumpur MAS"]
[Date "2010.09.04"]
[Round "6"]
[White "Yeap,E"]
[Black "Low,J"]
[Result "1-0"]
[WhiteElo "2121"]
[BlackElo "1914"]
[EventDate "2010.09.01"]

1. e4 c5 2. Nf3 d6 3. d4 cxd4 4. Nxd4 Nf6 5. Nc3 a6 6. Bg5 e6 7. f4 Nbd7 8.
Qf3 Qc7 9. O-O-O Be7 10. Bxf6 Bxf6 11. g4 Be7 12. Bg2 Nc5 13. f5 Bd7 14.
Rhf1 O-O 15. Kb1 Na4 16. Nxa4 Bxa4 17. Qa3 Bd7 18. fxe6 Bxe6 19. Nxe6 fxe6
20. e5 d5 21. Qe3 Bc5 22. Qe2 Rxf1 23. Rxf1 Bd4 24. c3 Qxe5 25. Re1 Qxe2
26. Rxe2 Bf6 27. Rxe6 Rd8 28. Rb6 Rd7 29. Kc2 Kf7 30. Rxb7 Rxb7 31. Bxd5+
Ke7 32. Bxb7 a5 33. Kb3 Kd6 34. Ka4 Bd8 35. Kb5 h6 36. Bg2 Kd7 37. b4 Bf6
38. Kxa5 Bxc3 39. Kb5 Kc7 40. a4 Kb8 41. a5 Ka7 42. Ka4 Bd2 43. b5 h5 44.
b6+ Ka6 45. Bf1+ Kb7 46. Kb5 1-0

[Event "7th Malaysia Open"]
[Site "Kuala Lumpur MAS"]
[Date "2010.09.04"]
[Round "6"]
[White "Abdullah,AlS"]
[Black "Bakri,Al"]
[Result "0-1"]
[WhiteElo "2125"]
[BlackElo "1904"]
[EventDate "2010.09.01"]

1. e4 e6 2. d4 d5 3. Nc3 Nf6 4. exd5 exd5 5. Nf3 c6 6. Be2 Bd6 7. O-O O-O
8. Bg5 Re8 9. Re1 Bf5 10. Nh4 Bg6 11. Nxg6 hxg6 12. Bf3 Rxe1+ 13. Qxe1 Nbd7
14. Ne2 Qc7 15. g3 Re8 16. Be3 Nf8 17. b3 Ne6 18. c4 dxc4 19. bxc4 c5 20.
d5 Nd4 21. Bxd4 cxd4 22. Qc1 d3 23. Nf4 d2 24. Qxd2 Qxc4 25. Rc1 Qb5 26.
Ne2 Qd7 27. Kg2 b6 28. Rc6 Ne4 29. Qc1 Bc5 30. Nc3 Nxf2 31. Rxc5 Nd3 32.
Qd1 Nxc5 33. Bg4 Qe7 34. Nb5 a6 35. Nd4 Qd6 36. Bf3 Ne4 37. Qa4 b5 38. Qb3
Nd2 39. Qd3 Nxf3 40. Qxf3 Qe5 41. Nc6 Qb2+ 42. Kh3 Qxa2 43. Qd3 Qe2 44. Qd4
Qh5+ 0-1

[Event "7th Malaysia Open"]
[Site "Kuala Lumpur MAS"]
[Date "2010.09.04"]
[Round "6"]
[White "Verdiana,N"]
[Black "F. Sayani,M"]
[Result "0-1"]
[WhiteElo "1899"]
[BlackElo "2201"]
[EventDate "2010.09.01"]

1. e4 e5 2. Nf3 Nc6 3. Bc4 Nf6 4. Ng5 d5 5. exd5 Na5 6. Bb5+ c6 7. dxc6
bxc6 8. Be2 h6 9. Nh3 Bc5 10. d3 O-O 11. O-O Nd5 12. Nc3 Nxc3 13. bxc3 Qh4
14. Be3 Bxe3 15. fxe3 Bxh3 16. gxh3 Qxh3 17. Rf3 Qe6 18. Rg3 f5 19. Bh5 Rf6
20. Rg2 g6 21. Qe1 Kh7 22. Qg3 Rb8 23. Re1 Rg8 24. Bf3 Nb7 25. Rb1 Rg7 26.
c4 Nc5 27. Qe1 e4 28. Bd1 exd3 29. cxd3 Nxd3 30. Qe2 Nc5 31. Bc2 Re7 32.
Re1 Qe5 33. Qd2 Rd6 34. Qa5 f4 35. Kh1 f3 36. Rg3 Nd3 37. Qxe5 Nxe5 38. Be4
f2 39. Rf1 Nxc4 40. Bc2 Rf6 41. Kg2 Nxe3+ 42. Rxe3 Rxe3 43. Rxf2 Rxf2+ 44.
Kxf2 Rh3 45. Kg2 Ra3 46. Bb1 Kg7 47. Kf1 Kf6 48. Kg1 g5 49. Be4 c5 50. Bd5
Ke5 51. Bf7 Kd4 0-1